| 000 | 00669cab a2200229 4500 | ||
|---|---|---|---|
| 001 | WB3133-33 | ||
| 008 | 090401t1995 xxu||||| |||| 00| 0 eng d | ||
| 035 | _a(Sirsi) u61149 | ||
| 041 | _aeng | ||
| 245 | _aLords stop summary judgments | ||
| 260 | _c1995 | ||
| 350 | _a0 | ||
| 490 |
_aEstates Times _v(1292) 1 September 1995, 24(1) |
||
| 520 | _aHouse of Lords ruling will stop lenders seeking summary judgments against professionals in compensation for breaches of trust. | ||
| 650 | _aBREACHES OF TRUST | ||
| 650 | _aLENDERS | ||
| 650 | _aSUMMARY JUDGMENTS | ||
| 650 | _aTARGET HOLDINGS V REDFERN | ||
| 690 | _aLAW | ||
| 942 | _n0 | ||
| 948 | _c04/03/1997 | ||
| 999 |
_c37819 _d37819 |
||